banner koha

Ácidos orgânicos e carbono solúvel em solos e resíduos (Registro n. 78453)

MARC details
000 -LÍDER
campo de controle de tamanho fixo 00989nam a22003377a 4500
001 - NÚMERO DE CONTROLE
campo de controle BR2013002405
003 - IDENTIFICADOR DO NÚMERO DE CONTROLE
campo de controle BR-BrBNA
005 - DATA E HORÁRIO DA ÚLTIMA TRANSAÇÃO
campo de controle 20230928104148.0
007 - CAMPO FIXO DE DESCRIÇÃO FÍSICA--INFORMAÇÃO GERAL
campo de controle de tamanho fixo ta
008 - CAMPO DE DADOS FIXOS--INFORMAÇÃO GERAL
campo de controle de tamanho fixo 230509b bl.||||| |||| 00| 0 por d
040 ## - FONTE DA CATALOGAÇÃO
Instituição da catalogação original BR-BrBNA
Idioma da catalogação por
Instituição que transcreveu o registro Biblioteca Nacional de Agricultura
041 ## - CÓDIGO DE IDIOMA
Código do idioma do texto/trilha sonora ou título diferente (Por)
072 ## - CÓDIGO DE CATEGORIA DE ASSUNTO
Código de Categoria de Assunto P33
090 ## - NÚMERO DE CHAMADA LOCAL
-- P33 BR2013002405
100 1# - ENTRADA PRINCIPAL--NOME PESSOAL
Nome pessoal Pinheiro, G.L.
110 1# - ENTRADA PRINCIPAL--NOME CORPORATIVO
Nome corporativo ou nome da jurisdição Universidade Federal de Lavras, MG (Brasil)
Grau Universitário Tese (Doutorado)
245 1# - TÍTULO
Título Ácidos orgânicos e carbono solúvel em solos e resíduos
260 3# - PUBLICAÇÃO, DISTRIBUIÇÃO, ETC.
Local de publicação, distribuição, etc. Lavras, MG (Brasil):
Data da publicação, distribuição, etc. 2012.
300 ## - DESCRIÇÃO FÍSICA
Extensão 99 p.
500 ## - NOTA GERAL
Nota geral Summaries (Eng, Por); Several biblilography; 7 tables
650 ## - ASSUNTO--TERMO TÓPICO
Cabeçalho tópico ou nome geográfico ÁCIDO ORGÂNICO
650 ## - ASSUNTO--TERMO TÓPICO
Cabeçalho tópico ou nome geográfico CARBONO
650 ## - ASSUNTO--TERMO TÓPICO
Cabeçalho tópico ou nome geográfico SOLO
650 ## - ASSUNTO--TERMO TÓPICO
Cabeçalho tópico ou nome geográfico RESÍDUO ORGÂNICO
650 ## - ASSUNTO--TERMO TÓPICO
Cabeçalho tópico ou nome geográfico CROMATOGRAFIA
650 ## - ASSUNTO--TERMO TÓPICO
Cabeçalho tópico ou nome geográfico PROPRIEDADE FÍSICO-QUÍMICA
650 ## - ASSUNTO--TERMO TÓPICO
Cabeçalho tópico ou nome geográfico ABSORÇÃO DE NUTRIENTES
650 ## - ASSUNTO--TERMO TÓPICO
Cabeçalho tópico ou nome geográfico RELAÇÃO SOLO-PLANTA
909 ## -
-- 202309
-- Lucia
-- 55
-- Lucia Elande
942 ## - ELEMENTOS DE ENTRADA ADICIONADOS (KOHA)
Tipo de material Koha Livros
Exemplares
Situação do descarte Fonte da classificação ou esquema de arquivamento na estante Situação física Não pode ser emprestado Coleção Biblioteca de origem Biblioteca atual Total de empréstimos Número de telefone completo Código de barras Data de último acesso Número do exemplar Tipo de material Koha Situação das perdas Data de aquisição Fonte de aquisição
  Classificação AGRIS       Biblioteca Nacional de Agricultura - Binagri Biblioteca Nacional de Agricultura - Binagri   P33 BR2013002405 P33 BR2013002405 25/09/2023 01 Livros   2023-09-25 Portaria Interministerial nº 164/94

BINAGRI

Telefone: (61)3218-2567/2388/3357/2097 - binagri@agro.gov.br

Ministério da Agricultura e Pecuária , Esplanada dos Ministérios, Bloco D, Anexo B, Brasília/DF, CEP: 70.043-900